Sistema Presupuestario en la Empresa Nicaragüense de Telecomunicaciones (ENITEL)
Diseño de un sistema presupuestario en ENTEL, que proporciona una mejor forma de organización y administración de los gastos de cada una de las direcciones estructurales de la empresa, por períodos anuales, automatización del manejo de la información de carácter presupuestario a través del s...
| Main Authors: | , |
|---|---|
| Other Authors: | |
| Format: | Tesis Section = Libro |
| Language: | Undetermined Spanish |
| Published: |
Managua
UNI
1997
|
| Subjects: |
| LEADER | 01240nam a2200241Ia 4500 | ||
|---|---|---|---|
| 008 | 240830s9999 xx 000 0 und d | ||
| 040 | |a BIBLIOTECA-RUPAP Mon 004 E18 | ||
| 041 | |a spa | ||
| 082 | |a Mon 004 E18 | ||
| 100 | 1 | |a Echegoyén Toruño, Maira Adilia | |
| 100 | 1 | |b Ortiz Ramírez, Roberto José | |
| 245 | 1 | 0 | |a Sistema Presupuestario en la Empresa Nicaragüense de Telecomunicaciones (ENITEL) |
| 260 | |a Managua |b UNI |c 1997 | ||
| 300 | |a 197 p. :il. | ||
| 500 | |a Contiene: tablas. | ||
| 502 | |a Tesis (Ingeniero Industrial)- UNI, 1997. | ||
| 520 | 3 | |a Diseño de un sistema presupuestario en ENTEL, que proporciona una mejor forma de organización y administración de los gastos de cada una de las direcciones estructurales de la empresa, por períodos anuales, automatización del manejo de la información de carácter presupuestario a través del sistema propuesto con un software de aplicación flexible. El sistema presupuestario propuesto diseñado en un modelo de Microsoft Excel, a través de un macro de hojas de cálculo interrelacionadas. | |
| 650 | 7 | |a SOFTWARE | |
| 650 | 7 | |b SISTEMA PRESUPUESTO ENITEL | |
| 700 | 1 | |a Tutor: |b Ramírez Valdivia, Martha T | |
| 942 | |c BK |2 ddc | ||
| 991 | |a TESIS | ||
| 999 | |c 15269 | ||